The Mahabharata of vyasa (Record no. 11071)

MARC details
000 -LEADER
fixed length control field 00665 a2200205 4500
010 ## - LIBRARY OF CONGRESS CONTROL NUMBER
LC control number ENG-89639
020 ## - INTERNATIONAL STANDARD BOOK NUMBER
International Standard Book Number 818157382X
Terms of availability 2000.00
035 ## - SYSTEM CONTROL NUMBER
System control number EN-73172
037 ## - SOURCE OF ACQUISITION
Source of stock number/acquisition DBAD / PUB
082 14 - DEWEY DECIMAL CLASSIFICATION NUMBER
Classification number 230.1
090 ## - LOCALLY ASSIGNED LC-TYPE CALL NUMBER (OCLC); LOCAL CALL NUMBER (OCLC)
-- 11380
-- 11380
245 1# - TITLE STATEMENT
Title The Mahabharata of vyasa
Statement of responsibility, etc transcreated from the Sanskrit by P.Lal
260 ## - PUBLICATION, DISTRIBUTION, ETC. (IMPRINT)
Place of publication, distribution, etc Kolkata
Name of publisher, distributor, etc Writers Workshop
Date of publication, distribution, etc 2005
270 ## - ADDRESS
Address 162/92, Lake Gardens,
City Kolkata
Postal code 700 045
300 ## - PHYSICAL DESCRIPTION
Extent b.3 (1568p.)
Dimensions 22 cm ( Hb.)
505 ## - FORMATTED CONTENTS NOTE
Formatted contents note b3- The complete Vana Parva
700 ## - ADDED ENTRY--PERSONAL NAME
Personal name Lal, P.
942 ## - ADDED ENTRY ELEMENTS (KOHA)
Institution code [OBSOLETE] dpl
Koha item type English Books
Call number prefix 230.1/ MAH
Holdings
Withdrawn status Lost status Source of classification or shelving scheme Damaged status Not for loan Collection code Home library Current library Source of acquisition Cost, normal purchase price Total Checkouts Full call number Barcode Date last seen Copy number Uniform Resource Identifier Cost, replacement price Price effective from Koha item type
    Dewey Decimal Classification   Not For Loan Non-fiction D.B.Act.Division D.B.Act.Division DBAD/PUB 2000.00   230.1 EN-73172 15/09/2008 1 12175 2000.00 15/09/2008 English Books

© Delhi Public Library
Hit Counter
free hit counter